000 00235 a2200097 4500
001 90848
082 _a910 EDU
090 _c43020
_d43020
100 _aEducational Challanges
245 _aWorld Geography
_cEducational Challanges
_hEnglish
942 _aCAE NUST
_k910 EDU
999 _c325921
_d325921